000 01683nam0a2200361 4500
001 RU\NLR\bibl\1115315
005 20260407074647.0
010 _a5-89846-545-6
_9500
021 _aRU
_b2007-43289
_92314
035 _a(NLR Aleph) 001102322
090 _a1186109
_c1186109
100 _a20070807d2006 |||y0rusy50 ca
101 0 _arus
_aost
102 _aRU
105 _aa |||||||||
200 1 _aДетские сказки варьеганских ханты
_e[сборник]
_fРос. акад. наук, Сиб. отд-ние, Ин-т филологии, Обско-угор. ин-т прикл. исслед. и разраб.
_g[сост.: Н.Б. Кошкарева, к.ф.н., доц.
_gотв. ред.: А.С. Песикова
_gхудож.: Е.В. Фризоргер]
210 _aХанты-Мансийск
_cПолиграфист
_d2006
215 _a98, [1] с., [4] л. цв. ил.
_cил.
_d22
300 _aТекст на рус. и хантыйс. яз.
686 _aШ9(2)3=Хан-2
702 1 _4220
_8rus
_7ca
_aКошкарева
_bН. Б.
_gНаталья Борисовна
_3RU\NLR\auth\7757156
_940088
702 1 _4340
_8rus
_7ca
_aПесикова
_bА. С.
_f1951-
_gАграфена Семеновна
_3RU\NLR\auth\7799680
_982606
702 1 _aФризоргер
_bП. В.
_4040
712 0 2 _4570
_aИнститут филологии
_cНовосибирск
_3RU\NLR\AUTH\883552
_9278403
801 0 _aRU
_bNLR
_c20070807
_gRCR
801 1 _aRU
_bNLR
_c20070807
830 _aсост., ред. по кн.
852 _aNLR
_bОНЛ
_jХант./3-156
942 _cBOOK
980 _aNB